Dante / (Record no. 72219)

MARC details
000 -LEADER
campo de control de longitud fija 00639nam a2200217 i 4500
001 - NÚMERO DE CONTROL
campo de control 72219
003 - IDENTIFICADOR DE NÚMERO DE CONTROL
campo de control ES-MaACL
005 - FECHA Y HORA DE LA ÚLTIMA TRANSACCIÓN
campo de control 20251009173350.0
007 - CAMPO FIJO DE DESCRIPCIÓN FÍSICA--INFORMACIÓN GENERAL
campo de control de longitud fija t|
008 - DATOS DE LONGITUD FIJA--INFORMACIÓN GENERAL
campo de control de longitud fija 040827s1947 sp ||||1| spa d
100 1# - ENTRADA PRINCIPAL--NOMBRE DE PERSONA
Nombre de persona Gillet, Louis.
9 (RLIN) 56970
245 10 - MENCIÓN DEL TÍTULO
Título Dante /
Mención de responsabilidad, etc. por Louis Gillet ; [traducción del francés por Carlos Riba].
250 ## - MENCION DE EDICION
Mención de edición [1ª ed.].
260 ## - PUBLICACIÓN, DISTRIBUCIÓN, ETC.
Lugar de publicación, distribución, etc. Barcelona :
Nombre del editor, distribuidor, etc. José Janés,
Fecha de publicación, distribución, etc. [1947]
300 ## - DESCRIPCIÓN FÍSICA
Extensión 298 p. ;
Dimensiones 17 cm.
490 1# - MENCIÓN DE SERIE
Mención de serie Manantial que no cesa
700 1# - ENTRADA AGREGADA--NOMBRE PERSONAL
Nombre de persona Riba, Carles,
Fechas asociadas al nombre 1893-1959
9 (RLIN) 96698
830 0# - PUNTO DE ACCESO ADICIONAL DE SERIE-TÍTULO UNIFORME
Título uniforme Manantial que no cesa
9 (RLIN) 181138
852 ## - LOCALIZACIÓN
Ubicación ES-MaACL
Número de control de estantería D-7360
Sublocalización o colección R.28661
Holdings
Estatus retirado Estado de pérdida Estado de daño No para préstamo Biblioteca de origen Biblioteca actual Ubicación en estantería Fecha de adquisición Fuente de adquisición Total de préstamos Signatura topográfica completa Código de barras Visto por última vez Precio de reemplazo Tipo de ítem Koha
        Biblioteca del Ateneo de Madrid Biblioteca del Ateneo de Madrid Sala Valle Inclán 17/01/2008     D-7360 901075607 23/02/2023 23/02/2023 Libro impreso